000 00761nam a2200229Ia 4500
003 GCL
008 140319s9999 xx 000 0 ara d
040 _aGCL /
_cGCL
082 0 4 _a581.15
_bأ ص
100 1 _aاحمد مستجير
245 1 0 _aصناعة الحياة :
_bمن يتحكم فى البيوتكنولوجيا /
_cاحمد مستجير
700 1 _aيوكسين، ادوارد
250 _aالاولى
260 _aالقاهرة :
_bمكتبة غريب ،
_c1985
300 _a257 ص ؛
_c24 سم
650 0 4 _aالوراثة
650 0 4 _aالهندسة الوراثية
650 0 4 _aالتغير البيولوجى
650 0 4 _aالنبات - فسيولوجيا
650 0 4 _aالانسجة النباتية
942 _2ddc
_cBK
999 _c4902
_d4902